000 00544cam a22001577a 4500
008 180718b2002 xxu||||| |||| 00| 0 eng d
100 _aTorre, Augusto de la
245 _aFinancial globalization: unequal blessings
_cby Augusto de la Torre, Eduardo Levy Yeyati and Sergio L. Schmukler
260 _aWashington, D.C.
_bWorld Bank
_c2002
300 _a19p.
440 _aPolicy Research Working Paper, No. 2903
650 _aGlobalization
650 _aInternational finance
700 _aSchmukler, Sergio L.
700 _aYeyati, Eduardo Levy
999 _c288658
_d288658